000 00638nam a2200205 a 4500
005 20180803170435.0
008 171124b1973 xxuad||| |||| 00| 0 spa d
040 _aCO-BoIAVH
_cCO-BoIAVH
041 0 _aeng
044 _ane
082 0 4 _a598.0723
_bR47b
100 1 _aVan Rhijn, J.G.
_eautor
245 1 0 _aBehavioural Dimorphism in Male Ruffs :
_bphilomachus pugnax
260 _aHolanda :
_bGroninga (Holanda) ,
_c1973.
300 _a229 páginas :
_bIlustraciones y gráficas ;
_c24 x 16 cm.
650 2 6 _aAve Endemica
650 2 6 _aZoología
650 2 4 _aPhilomachus Pugnax
942 _2ddc
_cLIBRO
999 _c19984
_d19984